01445nas a2200241Ia 4500001001100000003001000011008004100021040002500062041001300087100002600100210003500126222003500161245008700196250001100283260005000294300001100344310001500355362003600370500033000406501011400736520033000850650002301180R050-S3071IT-CnALBA170116c99999999xx |||||||||||| ||und|| aIT-CnALBAcIT-CnALBA aITALIANO aFALSINI RINALDO, OFM. aRIVISTA DI PASTORALE LITURGICA aRIVISTA DI PASTORALE LITURGICA 0aRIVISTA DI PASTORALE LITURGICA. MARZO 1977. ORGANO CAL. MESSA DI PRIMA COMUNIONE.  a1a ed. a BRESCIAbQUERINIANA EDIT. LIBR. VESC. c1977 a71 p.  aBIMESTRALE aFascicolo: 81 / Anno: 14 (1977) aEUCARISTIA E INIZIAZIONE CRISTIANA. EUCARISTIA NEL CATECHISMO FANCIULLI. GENITORI E MESSA DI PRIMA COMUNIONE. DA UN''INCHIESTA, CAMBIAMENTO DELLA MESSA. SORCI P. TEMPO PASQUALE E SPIRITO SANTO. BERGAMINI A. IL MESSALE AMBROSIANO. ROSSO S. OMELIE SPUNTI, II DOMENICA PASQUA ALLA FESTA DEL CORPUS DOMINI. CRONACHE. RECENSIONI.  aSocietà San Paolo EM - Piazza San Paolo, 14 - 12051 ALBA (CN) (non commercial uses only) ® Copyright 2017 aEUCARISTIA E INIZIAZIONE CRISTIANA. EUCARISTIA NEL CATECHISMO FANCIULLI. GENITORI E MESSA DI PRIMA COMUNIONE. DA UN''INCHIESTA, CAMBIAMENTO DELLA MESSA. SORCI P. TEMPO PASQUALE E SPIRITO SANTO. BERGAMINI A. IL MESSALE AMBROSIANO. ROSSO S. OMELIE SPUNTI, II DOMENICA PASQUA ALLA FESTA DEL CORPUS DOMINI. CRONACHE. RECENSIONI.  aTEOLOGIA PASTORALE